000
00285nam a2200121 a 4500
008
101025s1968|||| d
100
1
_a
Mulisch, Harry
245
1
0
_a
Kamenné svadobné lôžko
260
_b
Tatran
_a
Bratislava
_c
1968
020
_c
13
041
_a
slo
044
_a
xo
_c
SK
999
_c
12177
_d
12177